000 01135nam a22003257a 4500
003 CHAP
005 20220329133919.0
008 971013s1968 r 00010 d
010 _a12627
011 _a13599
035 _a17671
040 _cCHAP
082 _a581.192
_bH3
100 0 0 _aHawkes, J. G.
_953139
245 _aChemotaxonomy and serotaxonomy; procedings of a Symposium held at the Botany Department, Birminghan University 15-16 September, 1967
260 _aLondon :
_bAcademic Press,
_c1968
300 _a299 p.
_b: ilus.
490 _aThe Systematics Association. Special volume
_v; 2
590 _aBATCH-UPD
_b10
_c20130110
_lUCH01
_h0018
590 _aBATCH-UPD
_b10
_c20130110
_lUCH01
_h2021
590 _aBATCH-UPD
_b10
_c20130410
_lUCH01
_h1339
590 _aBATCH-UPD
_b10
_c20130914
_lUCH01
_h0643
590 _aCONVERSION
_b10
_c20130109
_lUCH01
_h1308
650 1 4 _aBioquímica.
_912849
650 1 4 _aQuímica vegetal.
_993602
830 0 _aThe Systematics Association. Special volume
_v; 2
_9112715
901 _aBK
942 _cLIBRO
949 _a581.192 H3
_bBC
_cLIBRO
_d33724000511119
_eLIBRO
_h13865
_i17671
_si
999 _c12627
_d12627